000 00738cam6a220021700 4500
001 tmp15731400
003 UPRA
005 20190823101003.0
008 951013m19441958xx eng u
035 _a(Sirsi) r56030
035 _a(UPRA)tmp15731400
040 _cUPRA
245 0 0 _aLepidoptera separates.
260 _c[1944-1958]
500 _aSelection of articles from various journals concerning taxonomy of Lepidoptera, bound together.
650 0 _aLepidoptera.
_6S9639.1
949 _aQL541
_vVOL. 1
_wlcc
_i33729000257944
_mMAIN
_p2500
_tBOOK
_lON-SHELF
949 _aQL541
_vVOL. 2
_wlcc
_i33729000258009
_mMAIN
_p2500
_tBOOK
_lON-SHELF
949 _aQL541
_vVOL. 3
_wlcc
_i33729000258066
_mMAIN
_p2500
_tBOOK
_lON-SHELF
004 56030
999 _c146352
_d146352